| 000 | 00719nam a2200181Ia 4500 | ||
|---|---|---|---|
| 003 | IN-BaIIA | ||
| 008 | 211028s9999 xx 000 0 eng d | ||
| 040 | _cIIA Library | ||
| 080 |
_a083.8:524 _bCIA-II |
||
| 100 | _aCiardullo, Robin B | ||
| 245 | 0 |
_aTables of bolometric luminosity functions _bpt. II, computed for ages between 200 to 25000 million years and chemical compositions in the ranges 0.1<Y<0.4 and 0.001<Z<0.1 _cRobin B Ciardullo and Pierre Demarque |
|
| 260 |
_aNew Haven _bStar Quest Observatory _c1977 |
||
| 300 | _aiii, 507p. | ||
| 650 | _aNASA Thesaurus | ||
| 650 |
_aTables-Bolometric Luninosity Functions _911758 |
||
| 700 | _aDemarque, Pierre | ||
| 942 | _cBK | ||
| 999 |
_c6867 _d6867 |
||